Tous les Pokemon de type Eau (1G) - Statistiques

Statistiques générales
  • Ce quiz a été pris 30 fois
  • Le résultat moyen est 25 sur 32
Statistiques - réponses
Indices Réponses % Correct
Eau Carabaffe
100%
Eau Carapuce
100%
Eau Tortank
100%
Eau Akwakwak
88%
Eau + Glace Lamantine
88%
Eau + Vol Léviator
88%
Eau Magicarpe
88%
Eau Psykokwak
88%
Eau + Poison Tentacool
88%
Eau + Poison Tentacruel
88%
Eau + Glace Lokhlass
83%
Eau Poissirène
83%
Eau Têtarte
83%
Eau + Roche Amonistar
79%
Eau + Roche Amonita
79%
Eau Aquali
79%
Eau + Psy Flagadoss
79%
Eau Otaria
79%
Eau + Psy Ramoloss
79%
Eau Stari
79%
Eau + Psy Staross
79%
Eau + Combat Tartard
79%
Eau Poissoroy
75%
Eau Ptitard
75%
Eau + Glace Crustabri
71%
Eau + Roche Kabuto
71%
Eau + Roche Kabutops
71%
Eau Hypotrempe
67%
Eau Kokiyas
67%
Eau Hypocéan
63%
Eau Krabboss
54%
Eau Krabby
54%
Aucun quiz correspondant
Distribution des résultats
% des personnes avec chaque résultat
Percentile par nombre de réponses
Votre historique - résultats
Vous n’avez pas pris ce quiz